| 000 | 00720cam a2200169 4500 | ||
|---|---|---|---|
| 001 | X103565 | ||
| 008 | 000000n2000 000 0 eng u | ||
| 035 | _a(Sirsi) u103565 | ||
| 245 | _aBraid v Walsall MBC | ||
| 260 | _c2000 | ||
| 490 |
_aProperty and Compensation Reports _v[1999] 78 P&CR 2, 94-107 |
||
| 520 | _aCA 10 March 1998. Landlord and tenant. Rent review clause. Reference only to "the land". Buildings subsequently erected. Rent review. Whether reference to "the land" in rent review clause included buildings for rent assessment purposes. TAKEN FROM JOURNAL HEADNOTE. | ||
| 650 | _aBRAID V WALSALL MBC | ||
| 650 | _aRENT ASSESSMENTS | ||
| 690 | _aLANDLORD AND TENANT-CASE LAW-RENT REVIEWS | ||
| 942 | _n0 | ||
| 999 |
_c62207 _d62207 |
||